Land use change detection and land use conflicts in Mukim Rawang, Selangor /
Saved in:
| Main Author: | |
|---|---|
| Format: | Thesis Book |
| Language: | English |
| Published: |
2018.
|
| Subjects: | |
| Tags: |
Add Tag
No Tags, Be the first to tag this record!
|
| LEADER | 01381cam a2200337 i 4500 | ||
|---|---|---|---|
| 001 | u1127563 | ||
| 003 | SIRSI | ||
| 005 | 201911291159 | ||
| 008 | 191129s2018 my ab m 000 0 eng | ||
| 040 | |a UMM |e rda | ||
| 043 | |a a-my-se | ||
| 090 | |a G59 |b UM 2018 Nurs | ||
| 100 | 0 | |a Nursyazyla Sulaiman, |e author. | |
| 245 | 1 | 0 | |a Land use change detection and land use conflicts in Mukim Rawang, Selangor / |c Nursyazyla binti Sulaiman. |
| 264 | 1 | |c 2018. | |
| 300 | |a xx, 193 leaves : |b illustrations, maps ; |c 30 cm | ||
| 336 | |a text |2 rdacontent | ||
| 337 | |a unmediated |2 rdamedia | ||
| 338 | |a volume |2 rdacarrier | ||
| 502 | |b M.A. |c Jabatan Geografi, Fakulti Sastera dan Sains Sosial, Universiti Malaya |d 2018. | ||
| 504 | |a Bibliography: leaves 166-181. | ||
| 650 | 0 | |a Land use |z Malaysia |z Selangor. | |
| 650 | 0 | |a Land use |x Economic aspects |z Malaysia |z Selangor. | |
| 650 | 0 | |a Land use |z Malaysia |z Selangor |x Planning. | |
| 650 | 0 | |a Sustainable development |z Malaysia |z Selangor. | |
| 651 | 0 | |a Selangor |x Environmental conditions. | |
| 651 | 0 | |a Selangor |x Economic conditions. | |
| 710 | 2 | |a Universiti Malaya. |b Jabatan Geografi, |e degree granting institution. | |
| 900 | |a NNANS NSM | ||
| 596 | |a 1 | ||
| 999 | |a G59 UM 2018 NURS |w LC |c 1 |i A517480962 |d 29/6/2022 |e 29/6/2022 |f 5/12/2019 |g 1 |l STACKS |m P01UTAMA |n 2 |r Y |s Y |t TESIS |u 29/11/2019 |1 AHSS |o .STAFF. Surat agreement & CD tidak disertakan (FSSS). | ||
